01322nam a22003854a 4500001001100000003000800011006001900019007001500038008004100053010001700094020002000111020002000131040002100151035002100172050002400193082001400217100003000231245006000261260004400321300001500365490001400380504006600394533015200460650001200612650002000624650002000644650002400664650001400688650002900702655002900731710001700760830001500777856012500792999001900917ebr2004077CaPaEBRm u cr cn|||||||||990608s2000 enk sb 001 0 eng  z 99032882  z0415171199 (hb) z0415171202 (pb) aCaPaEBRcCaPaEBR a(OCoLC)23216173614aHT1523b.B64 2000eb04a305.82211 aBonnett, Alastair,d1964-10aAnti-racismh[electronic resource] /cAlastair Bonnett. aLondon ;aNew York :bRoutledge,c2000. avi, 193 p.1 aKey ideas aIncludes bibliographical references (p. [173]-188) and index. aElectronic reproduction.bPalo Alto, Calif. :cebrary,d2013.nAvailable via World Wide Web.nAccess may be limited to ebrary affiliated libraries. 0aRacism. 0aRace relations. 0aRace awareness. 0aCultural pluralism. 0aEquality. 0aMulticultural education. 7aElectronic books.2local2 aebrary, Inc. 0aKey ideas.40uhttp://site.ebrary.com/lib/rucke/Doc?id=2004077zAn electronic book accessible through the World Wide Web; click to view c225952d225952